Name A Capital By Its Country A-Z - Statistics

General Stats
  • This quiz has been taken 234 times
    56 since last reset
  • The average score is 20 of 24
Answer Stats
Letter Capital % Correct
A Algiers | Andorra La Vella | Baku | Buenos Aires | Canberra | +6
98%
B Bandar Seri Begawan | Belmopan | Bridgetown | Brasília | Brussels | +14
96%
M Antananarivo | Bamako | Chisinau | Kuala Lumpur | Lilongwe | +12
91%
I Baghdad | Dublin | Jakarta | Jerusalem | New Delhi | +4
89%
C Bangui | Beijing | Bogota | Havana | Moroni | +10
89%
D Copenhagen | Djibouti | Kinshasa | Roseau | Santo Domingo
89%
F Helsinki | Palikir | Paris | Suva
89%
N Abuja | Amsterdam | Kathmandu | Managua | Niamey | +5
87%
J Amman | Kingston | Tokyo
87%
K Astana | Bishkek | Kuwait City | Nairobi | Pristina | +1
87%
V Caracas | Hanoi | Port Vila | Vatican City
87%
G Accra | Athens | Banjul | Berlin | Bissau | +6
84%
E Addis Ababa | Asmara | Cairo | Ciudad de la Paz | Dili | +4
84%
T Ankara | Ashgabat | Bangkok | Dodoma | Dushanbe | +6
84%
S Apia | Basseterre | Belgrade | Bern | Bloemfontein | +23
84%
P Asunción | Islamabad | Lima | Lisbon | Manila | +4
84%
L Beirut | Luxembourg | Maseru | Monrovia | Riga | +4
84%
U Abu Dhabi | Kampala | Kyiv | London | Montevideo | +2
82%
R Brazzaville | Bucharest | Kigali | Moscow
82%
H Budapest | Port-au-Prince | Tegucigalpa
80%
Q Doha
76%
O Muscat
69%
Y Sana'a
67%
Z Harare | Lusaka
56%
No matching quizzes found
Score Distribution
Percent of People with Each Score
Percentile by Number Answered
Your Score History
You have not taken this quiz since the last reset